[Event "28th WSCC Women 65 2018"]
[Site "Bled"]
[Date "2018.11.18"]
[Round "1"]
[White "Fatalibekova, Elena"]
[Black "Tsygankova, Enni"]
[Result "1-0"]
[WhiteElo "2161"]
[BlackElo "1760"]
[Annotator "NA"]
[PlyCount "59"]
[EventDate "2018.11.17"]
[EventType "swiss"]
[EventCountry "SLO"]
[SourceTitle "playchess.com"]
[Source "ChessBase"]
[SourceQuality "1"]
[TimeControl "40/5400+30:1800+30"]

1. e4 {[%emt 0:00:00]} c5 2. Nf3 d6 {[%emt 0:00:17]} 3. c3 {[%emt 0:00:27]} Nf6 {[%emt 0:00:29]} 4. Qc2 {[%emt 0:00:22]} g6 {[%emt 0:00:17]} 5. d4 {[%emt 0:00:26]} cxd4 {B50: Sicilian: 2...d6, Miscellaneous} (5... Bg7 6. dxc5 dxc5 7. h3 O-O 8. Bf4 Nc6 9. Bh2 a6 10. a4 Be6 11. Nbd2 Na5 12. Be2 Qb6 13. O-O {0-1 (108) Pap,G (2542)-Li,C (2751) Graz 2016}) 6. cxd4 Bg7 {[%emt 0:02:52]} 7. h3 {[%emt 0:02:10]} O-O 8. Nc3 Nc6 {[%emt 0:04:39]} 9. Be3 {[%emt 0:00:39]} a6 $146 {[%emt 0:03:25]} ({Predecessor:} 9... d5 10. e5 Bf5 11. Qb3 Ne4 12. Qxd5 Nb4 13. Qxd8 Nc2+ 14. Kd1 Rfxd8 15. Nxe4 Bxe4 {0-1 (47) Pepin,C (1957)-Trinh,B (2066) Trois Rivieres 2009}) 10. Be2 {[%emt 0:02:01]} b5 {[%emt 0:03:04]} 11. d5 {[%emt 0:01:02]} Na5 {[%emt 0:04:42]} 12. Nd2 {[%emt 0:03:05]} Bd7 {[%emt 0:02:23]} 13. b4 {[%emt 0:03:45]} Nb7 {[%emt 0:02:23]} (13... Rc8 $15 {stays ahead.} 14. Bd4 (14. bxa5 Nh5 $11) 14... Nc4) 14. Rc1 {[%emt 0:02:48]} Rc8 {[%emt 0:00:19]} 15. Qb3 {[%emt 0:07:43]} e6 {[%emt 0:06:09]} 16. O-O {[%emt 0:00:15]} h5 {[%emt 0:00:28]} (16... exd5 $14 17. Nxd5 Nxd5 18. Qxd5 Rxc1 19. Rxc1 Qb8) 17. a4 {[%emt 0:14:34]} bxa4 {[%emt 0:18:24]} 18. Nxa4 {[%emt 0:00:31]} Rxc1 {[%emt 0:01:10]} 19. Rxc1 {[%emt 0:00:01]} exd5 {[%emt 0:01:09]} 20. Bxa6 {[%emt 0:05:29]} Qa8 {[%emt 0:04:43]} 21. b5 {[%emt 0:00:25]} Na5 {[%emt 0:14:24]} 22. Qb4 {[%emt 0:00:50]} Nc4 {[%emt 0:02:27]} 23. Nxc4 {[%emt 0:04:36]} dxc4 {[%emt 0:00:31]} 24. Rxc4 {[%emt 0:09:29]} Be6 {[%emt 0:00:14]} 25. Rc6 {[%emt 0:00:44]} d5 $18 26. Nc5 Re8 {[%emt 0:15:50]} 27. e5 {[%emt 0:07:26]} Ne4 {[%emt 0:00:42]} 28. Nxe6 {[%emt 0:01:51]} fxe6 29. Bd4 Bf8 {[%emt 0:06:46]} 30. Qb1 {[%emt 0:01:14]} 1-0

[Event "28th WSCC Women 65 2018"]
[Site "Bled"]
[Date "2018.11.18"]
[Round "1"]
[White "Khmiadashvili, Tamar"]
[Black "Norman, Dinah M"]
[Result "0-1"]
[WhiteElo "2010"]
[BlackElo "1659"]
[Annotator "NA RC"]
[PlyCount "109"]
[EventDate "2018.11.17"]
[EventType "swiss"]
[EventCountry "SLO"]
[SourceTitle "playchess.com"]
[Source "ChessBase"]
[SourceQuality "1"]
[TimeControl "40/5400+30:1800+30"]

1. c4 {[%emt 0:00:00]} e6 {[%emt 0:00:13]} 2. g3 {[%emt 0:00:37]} d5 {[%emt 0:00:55]} 3. Bg2 {[%emt 0:00:22]} Nf6 {[%emt 0:01:37]} 4. d3 {[%emt 0:00:53]} c6 {[%emt 0:01:10]} 5. Nd2 {[%emt 0:03:33]} Nbd7 {[%emt 0:02:05]} 6. Ngf3 {[%emt 0:03:19]} Be7 {[%emt 0:02:47]} 7. O-O {[%emt 0:00:18]} O-O {[%emt 0:01:19] LiveBook: 5 Games} 8. b3 {[%emt 0:00:41]} b6 {[%emt 0:02:53]} 9. Bb2 {[%emt 0:00:20]} Bb7 {[%emt 0:00:54]} 10. Qc2 {[%emt 0:01:15]} a5 {[%emt 0:03:12] A14: English Opening: 1...e6 with b3 by White} 11. e4 {[%emt 0:02:38]} (11. a3 Rc8 12. Rac1 c5 13. e3 Qc7 14. Qb1 Qb8 15. cxd5 Bxd5 16. e4 Bc6 17. Nc4 Rfd8 18. Rfe1 {½-½ (66) Leon Hoyos,M (2603)-Yang,D (2485) Saint Louis 2012}) 11... Rc8 $146 {[%emt 0:04:58]} ({Predecessor:} 11... a4 12. Rfe1 Qb8 13. Rad1 Rc8 14. Bc3 axb3 15. axb3 Bf8 16. Ra1 c5 17. Rxa8 Bxa8 18. cxd5 exd5 {½-½ (76) Barlov,D (2424)-Alvarado Diaz,A (2419) Las Palmas 2016}) 12. e5 {[%emt 0:02:25]} Ne8 {[%emt 0:01:05]} 13. Rfe1 {[%emt 0:01:53]} Nc7 {[%emt 0:02:54]} 14. a3 {[%emt 0:04:13]} Na6 {[%emt 0:01:03]} 15. d4 {[%emt 0:14:00]} c5 {[%emt 0:06:27]} 16. Rad1 {[%emt 0:03:07]} Qc7 {[%emt 0:02:57]} 17. Qb1 {[%emt 0:02:13]} Rfe8 {[%emt 0:08:14]} 18. h4 {[%emt 0:04:25]} Nf8 {[%emt 0:01:34]} 19. dxc5 {[%emt 0:03:32]} bxc5 {[%emt 0:03:09]} 20. Qc2 {[%emt 0:09:14]} Rcd8 {[%emt 0:03:38]} 21. Nh2 {[%emt 0:01:50]} d4 {[%emt 0:05:16]} 22. Be4 {[%emt 0:05:42]} Bxe4 {[%emt 0:03:44]} 23. Qxe4 {[%emt 0:01:02]} Qb6 {[%emt 0:10:12]} 24. Bc1 {[%emt 0:01:48]} Nb8 {[%emt 0:02:18]} 25. Qd3 {[%emt 0:00:54]} Nbd7 {[%emt 0:02:44]} 26. h5 {[%emt 0:02:39]} Qc7 {[%emt 0:03:49]} 27. f4 {[%emt 0:02:53]} h6 {[%emt 0:02:12]} 28. Ng4 {[%emt 0:07:42]} Nh7 {[%emt 0:01:15]} 29. Nf3 {[%emt 0:03:41]} Ndf8 {[%emt 0:01:10]} 30. f5 {[%emt 0:03:02]} exf5 {[%emt 0:00:32]} 31. Qxf5 {[%emt 0:00:17]} Ne6 {[%emt 0:00:46]} 32. Bxh6 {[%emt 0:01:09]} Bf8 {[%emt 0:03:02]} (32... a4 $11) 33. Bc1 {[%emt 0:01:38]} Qb7 {[%emt 0:01:12]} (33... Rb8 $142) 34. Rd3 {[%emt 0:00:52]} Rb8 {[%emt 0:02:45]} 35. Qe4 {[%emt 0:05:05]} Qxe4 {[%emt 0:01:23]} 36. Rxe4 {[%emt 0:00:07]} Be7 {[%emt 0:01:57]} 37. Re1 {[%emt 0:00:41]} Rb7 {[%emt 0:01:49]} 38. Bd2 {[%emt 0:02:12]} Reb8 {[%emt 0:00:59]} 39. Bxa5 {[%emt 0:01:24]} Rxb3 {[%emt 0:00:36]} 40. Red1 {[%emt 0:00:00]} Rxd3 {[%emt 0:00:00]} 41. Rxd3 {[%emt 0:00:44]} Rb1+ {[%emt 0:01:50]} ({Black should try} 41... Ra8 $17 42. Bd2 Nhg5) 42. Be1 {[%emt 0:19:18]} Rc1 {[%emt 0:00:54]} 43. Rb3 {[%emt 0:04:50]} Rxc4 {[%emt 0:02:47]} (43... Nhg5 $19 {is more deadly.} 44. Ngh2 Ne4) 44. Rb8+ {[%emt 0:02:29]} Nhf8 {[%emt 0:02:03]} 45. h6 {[%emt 0:03:57]} Ra4 {[%emt 0:02:10]} 46. Bd2 {[%emt 0:06:32]} (46. Re8 $17 {might work better.} Ra7 47. Kg2) 46... Rxa3 {[%emt 0:03:23]} 47. hxg7 {[%emt 0:00:35]} Kxg7 {[%emt 0:01:44]} 48. Kf2 {[%emt 0:00:52]} Ra2 $2 {[%emt 0:01:35]} 49. Ke1 $1 $11 {[%emt 0:00:10]} Ra1+ {[%emt 0:01:44]} 50. Kf2 $1 $11 {[%emt 0:00:26]} Ra2 {[%emt 0:01:24]} (50... Ra7 $19 51. Rc8 Ra2) 51. Ke1 {[%emt 0:00:12]} Ra1+ {[%emt 0:01:25]} 52. Ke2 $2 {[%emt 0:00:17]} Ra2 $11 {[%emt 0:02:41]} (52... c4 $19 53. Rc8 c3 54. Bh6+ Kg6) 53. Kd3 $2 {[%emt 0:00:18]} Ra3+ {[%emt 0:02:17]} 54. Ke4 {[%emt 0:00:22]} Kg6 {[%emt 0:04:53]} 55. Ngh2 0-1

[Event "28th WSCC Women 65 2018"]
[Site "Bled"]
[Date "2018.11.18"]
[Round "1"]
[White "Bujinlkham, Purevdorj"]
[Black "Gaprindashvili, Nona"]
[Result "0-1"]
[WhiteElo "1848"]
[BlackElo "2301"]
[Annotator "TA"]
[PlyCount "118"]
[EventDate "2018.11.17"]
[EventType "swiss"]
[EventCountry "SLO"]
[SourceTitle "playchess.com"]
[Source "ChessBase"]
[SourceQuality "1"]

{[%evp 14,118,49,47,48,42,54,37,27,9,0,-21,6,2,7,9,34,11,20,0,6,-16,0,-132,-141,-150,-134,-269,-279,-270,-269,-262,-269,-276,-273,-253,-277,-264,-260,-540,-532,-536,-459,-529,-525,-649,-651,-643,-629,-677,-677,-677,-677,-711,-714,-823,-808,-782,-855,-852,-841,-805,-792,-748,-643,-720,-632,-720,-715,-700,-529,-529,-522,-522,-500,-810,-712,-929,-914,-831,-687,-676,-433,-664,-663,-1025,-1034,-1128,-1120,-29975,-1082,-29975,-1098,-1052,-1028,-970,-884,-832,-612,-815,-794,-983,-955,-29974,-29975,-5787,-5711]} 1. e4 c6 2. d4 d5 3. Nd2 g6 4. Ngf3 Bg4 5. c3 Bg7 6. h3 {B12: Caro-Kann: Advance Variation} Bxf3 7. Qxf3 e6 8. Bd3 {LiveBook: 6 Games. White is slightly better.} Ne7 {[%cal Bg8e7,Be7f5,Bf5d6][%mdl 32]} 9. O-O O-O 10. Qg3 (10. Re1 Nd7 11. Qg3 c5 12. exd5 Nxd5 13. dxc5 Nxc5 {½-½ (62) Felgaer,R (2586)-Riazantsev,A (2700) Tromsoe 2013}) 10... Nd7 {[%cal Bb8d7,Bd7f6,Bf6d5,Bd5b4,Bb4c2,Bc2a1][%mdl 32]} 11. f4 $146 ({Predecessor:} 11. Nf3 dxe4 12. Bxe4 Nf5 13. Qf4 Bh6 {1-0 (32) Parma,B (2515)-Mihaljcisin,M (2325) Banja Luka 1976}) 11... dxe4 12. Bxe4 Nf6 13. Bc2 Nf5 14. Qf2 Qc7 15. Nf3 Rad8 16. Ne5 Nd6 17. Qf3 Nd5 18. b3 {[#]} (18. Rd1 $11) 18... c5 $1 $36 {[%mdl 2048] Black is really pushing.} 19. c4 Nb4 (19... cxd4 20. cxd5 Qxc2 21. Ba3 $17) 20. dxc5 (20. Qe2 $17) 20... Nxc2 $19 21. cxd6 Qb6+ ({Less strong is} 21... Rxd6 22. Rb1 $15) 22. Qf2 Qxf2+ ({Weaker is} 22... Nxa1 23. c5 $17) ({And not} 22... Qxd6 23. Rb1 $11) 23. Rxf2 Nxa1 24. c5 Rc8 25. b4 {[#]} a5 $1 {[%cal Ba7a5,Ba5b4][%mdl 32]} 26. Kh2 $2 (26. Ba3) (26. bxa5 Rxc5) 26... axb4 27. Bb2 Rfd8 28. Bxa1 {Now Bd4 and White clings on.} Rxc5 29. Nd3 Rd5 30. Bxg7 Kxg7 31. Nxb4 R5xd6 {[%mdl 4096] Endgame KRR-KRN} 32. a3 Rd2 33. Rf3 Rb2 34. h4 Rdd2 35. Rg3 h5 36. Kh3 Rb1 {[%cal Rb1h1]} 37. Kh2 Ra1 38. Rf3 Rd8 39. Rb3 Rf1 40. Kg3 Rd2 41. Nd3 Ra1 42. Ne5 {[#]} b5 $1 {[%mdl 64] Deflection} 43. Rxb5 Rxa3+ 44. Kh2 (44. Nf3 $142) 44... Rf2 45. Rb4 Raa2 46. Kh3 Rae2 47. Ra4 Re3+ 48. Kh2 (48. Nf3 $142) 48... Kf6 49. Kg1 Ree2 50. g3 Rg2+ 51. Kf1 Ref2+ 52. Ke1 Rb2 (52... Rh2 $142 53. Ra7 Kf5 54. g4+ Ke4 55. Ra4+ Kd5 56. Ra5+ Kd4 57. Ra4+ Kc3 58. Ra3+ Kb4 59. Rh3 Re2+ 60. Kf1 Rhf2+ {[%mdl 64] Double Attack} 61. Kg1 Rg2+ 62. Kh1 hxg4 63. Rd3 g3 64. Rf3 f6 65. Ng4 f5 66. Ne5 Kc5 67. Rc3+ Kd5 68. Rc1 Rh2+ 69. Kg1 Rxh4 70. Nf3 Rxf4 71. Rf1 Kc5 72. Rc1+ Rc4 73. Ra1 f4 74. Rd1 e5 75. Ng5 Rcc2 76. Rb1 Kc4 77. Nf3 e4 78. Ne5+ Kd4 79. Ng4 e3 80. Rd1+ Red2 81. Rf1 e2 82. Rxf4+ Kd5 83. Ne3+ Ke5 84. Nxc2 Rxc2 85. Rf1 exf1=N 86. Kxf1 Kf4 87. Ke1 g2 88. Kd1 Rf2 89. Ke1 g1=Q#) 53. Kf1 Rgf2+ 54. Kg1 Rfc2 {[%cal Rc2c1]} 55. Ra1 Rb7 56. Kf1 Kf5 57. Nd3 Kg4 58. Ra3 Rb1+ 59. Ne1 Rcc1 {Accuracy: White = 37%, Black = 75%.} 0-1

[Event "28th WSCC Women 65 2018"]
[Site "Bled"]
[Date "2018.11.18"]
[Round "1"]
[White "Milashevskaja, Valentina"]
[Black "Titorenko, Natalia I"]
[Result "0-1"]
[WhiteElo "1731"]
[BlackElo "2158"]
[Annotator "TA"]
[PlyCount "78"]
[EventDate "2018.11.17"]
[EventType "swiss"]
[EventCountry "SLO"]
[SourceTitle "playchess.com"]
[Source "ChessBase"]
[SourceQuality "1"]

{[%evp 15,78,14,26,-13,21,-104,-89,-86,-89,-114,-116,-116,-118,-186,-156,-247,-205,-205,-202,-207,-160,-232,-174,-213,-172,-243,-226,-260,-177,-180,-171,-217,-203,-236,-217,-239,-225,-266,-238,-270,-167,-381,-364,-436,-407,-560,-583,-550,-538,-1279,-1286,-1325,-1296,-5506,-2712,-6566,-5497,-2865,-2658,-29985,-29986,-29989,-29990,-29990,-29991]} 1. d4 Nf6 2. Nf3 g6 3. Nbd2 d5 4. c3 Bg7 5. g3 O-O 6. Bg2 c6 7. O-O Nbd7 8. Re1 Re8 {LiveBook: 16 Games} 9. a4 {D02: 1 d4 d5 2 Nf3 sidelines, including 2...Nf6 3 g3 and 2...Nf6 3 Bf4} (9. e4 dxe4 10. Nxe4 Nxe4 11. Rxe4 c5 12. Re1 cxd4 13. Nxd4 a6 14. Nc2 Qc7 15. Nb4 Nf6 16. Bg5 Be6 17. Rxe6 fxe6 {1-0 (47) Zvjaginsev,V (2625)-Gutenev,A (2474) Sochi 2018}) 9... a5 10. Ne5 $146 (10. e4 $11) ({Predecessor:} 10. e4 dxe4 11. Nxe4 Nxe4 12. Rxe4 Nf6 13. Re1 Qb6 14. Qe2 Bg4 15. Qc4 Nd5 16. Ng5 Rad8 17. Ne4 {½-½ (85) Arsovic,G (2385)-Simic,R (2485) Belgrade 1995}) 10... Nxe5 $17 11. dxe5 {Black is better.} Ng4 {[%cal Bf6g4,Bg4e5,Be5d7][%mdl 96] [#] Discovered Attack} 12. h3 Nxe5 13. f4 Nd7 14. Nf3 (14. e4 $17) 14... e5 {[%cal Be7e5,Be5e4][%mdl 32]} 15. Kh2 (15. e4 $17 {was called for.}) 15... e4 16. Nd4 Nf6 17. e3 Bd7 18. Qb3 (18. Bf1 $17 {was necessary.}) 18... Qc7 19. Bd2 h5 20. Rf1 (20. c4 $142) 20... c5 $19 21. Nb5 Qb6 22. c4 Be6 23. cxd5 Nxd5 24. Qd1 f5 25. Rb1 Red8 26. Qe2 Nb4 27. Bc3 Bb3 {Strongly threatening ...Rd3.} 28. Bxg7 $2 (28. g4 Bxa4 29. Na3 hxg4 30. hxg4) 28... Kxg7 29. Nc3 Rd3 30. g4 hxg4 31. hxg4 Rh8+ 32. Kg3 c4 33. Kf2 Rhd8 {...Rxe3! is the strong threat.} 34. Rbd1 Bxd1 35. Rxd1 Rxd1 {[%mdl 64] Remove Defender} 36. Nxd1 {[#]} Rxd1 $1 37. Qxd1 Nd3+ {[%mdl 64] Double Attack, Discovered Attack. Black mates.} 38. Ke2 Qxb2+ 39. Qd2 c3 {Accuracy: White = 15%, Black = 69%.} 0-1

[Event "28th WSCC Women 65 2018"]
[Site "Bled"]
[Date "2018.11.18"]
[Round "1"]
[White "Hoose, Hannelore"]
[Black "Sorokina, Tamara"]
[Result "0-1"]
[WhiteElo "1680"]
[BlackElo "2058"]
[Annotator "NA"]
[PlyCount "82"]
[EventDate "2018.11.17"]
[EventType "swiss"]
[EventCountry "SLO"]
[SourceTitle "playchess.com"]
[Source "ChessBase"]
[SourceQuality "1"]
[TimeControl "40/5400+30:1800+30"]

1. e4 {[%emt 0:00:18]} c5 {[%emt 0:00:00]} 2. d4 {[%emt 0:00:36]} cxd4 {[%emt 0:00:00]} 3. Qxd4 {[%emt 0:00:06]} Nc6 {[%emt 0:00:00]} 4. Qd1 {[%emt 0:00:10]} Nf6 {[%emt 0:00:01]} 5. Nc3 {[%emt 0:00:30]} e6 {[%emt 0:00:22]} 6. a3 {[%emt 0:01:41]} a6 {[%emt 0:00:13]} 7. g3 {[%emt 0:00:21]} Be7 {[%emt 0:00:27]} 8. Bg2 {[%emt 0:00:21]} O-O {[%emt 0:00:11]} 9. Nge2 {[%emt 0:00:43]} d6 {[%emt 0:00:08]} 10. O-O {[%emt 0:00:15]} Qc7 {[%emt 0:00:16]} 11. Be3 {[%emt 0:01:32]} b5 {[%emt 0:00:16]} 12. Nd4 {[%emt 0:02:43]} Bb7 {[%emt 0:00:20]} 13. Nxc6 {[%emt 0:01:53]} Bxc6 {[%emt 0:00:01]} 14. Qd4 $146 {[%emt 0:01:28] B49: Sicilian: Taimanov: 5 Nc3 Qc7 6 Be3 a6 7 Be2} ({Predecessor:} 14. f4 Qb7 15. Qd3 Rfd8 16. Rad1 a5 17. b4 axb4 18. axb4 Ng4 19. Bc1 Bf6 20. Bf3 Bxc3 21. Qxc3 Nf6 {½-½ (60) Pena Gomez,M (2319)-Rodriguez Perez,J (2133) Leon 2006}) 14... Rab8 {[%emt 0:01:41]} 15. Qd2 {[%emt 0:01:50]} Qb7 {[%emt 0:00:57]} 16. f3 {[%emt 0:02:11]} d5 {[%emt 0:02:48]} 17. exd5 Nxd5 18. Nxd5 {[%emt 0:02:44]} Bxd5 {[%emt 0:00:36]} 19. f4 {[%emt 0:01:14]} Rfd8 {[%emt 0:00:28]} 20. Bxd5 {[%emt 0:00:18]} Rxd5 {[%emt 0:00:08]} 21. Qg2 {[%emt 0:00:32]} Qd7 {[%emt 0:01:01]} 22. Qe2 {[%emt 0:01:56]} Qc6 {[%emt 0:02:52]} 23. c3 {[%emt 0:00:37]} Bc5 {[%emt 0:00:35]} 24. Bxc5 {[%emt 0:00:46]} Qxc5+ {[%emt 0:00:05]} 25. Qf2 {[%emt 0:00:35]} Qd6 {[%emt 0:00:07]} 26. Rfe1 {[%emt 0:01:02]} Rd8 {[%emt 0:00:29]} 27. Re2 {[%emt 0:01:21]} g6 {[%emt 0:00:57]} 28. Rae1 {[%emt 0:01:37]} Rd3 {[%emt 0:00:41]} 29. Re3 $1 {[%emt 0:01:28]} Rd5 {[%emt 0:02:43]} 30. Re5 {[%emt 0:00:09]} Rd2 {[%emt 0:00:49]} 31. R5e2 {[%emt 0:00:07]} Rd3 {[%emt 0:02:48]} (31... a5 $15) 32. Re3 {[%emt 0:00:24]} Qc6 {[%emt 0:00:37]} 33. Rxd3 {[%emt 0:04:01]} Rxd3 {[%emt 0:00:02]} 34. Re2 {[%emt 0:00:34]} Qd6 {[%emt 0:03:34]} 35. Re1 {[%emt 0:01:27]} h5 $15 {[%emt 0:00:30]} 36. Re2 {[%emt 0:04:24]} a5 {[%emt 0:03:31]} 37. h4 {[%emt 0:02:13]} b4 {[%emt 0:00:42]} 38. axb4 {[%emt 0:00:23]} axb4 {[%emt 0:00:01]} 39. cxb4 {[%emt 0:00:26]} Qxb4 {[%emt 0:00:08]} 40. Kg2 {[%emt 0:00:52]} Rd1 {[%emt 0:02:14]} 41. Rc2 {[%emt 0:01:40]} Qe4+ {[%emt 0:00:42]} 0-1

[Event "28th WSCC Women 65 2018"]
[Site "Bled"]
[Date "2018.11.19"]
[Round "2"]
[White "Gaprindashvili, Nona"]
[Black "Tsifanskaya, Ludmila A"]
[Result "1/2-1/2"]
[WhiteElo "2301"]
[BlackElo "1996"]
[Annotator "TA"]
[PlyCount "57"]
[EventDate "2018.11.17"]
[EventType "swiss"]
[EventCountry "SLO"]
[SourceTitle "playchess.com"]
[Source "ChessBase"]
[SourceQuality "1"]

{[%evp 15,57,19,30,25,29,0,23,20,41,45,37,21,54,53,46,16,22,18,64,70,64,11,17,19,59,12,45,0,22,0,-14,0,0,0,0,-91,-78,-70,-45,-47,-45,-50,-61,-59]} 1. d4 Nf6 2. c4 e6 3. Nc3 Bb4 4. g3 O-O 5. Bg2 d6 6. Nf3 Bxc3+ 7. bxc3 Nbd7 8. O-O Re8 {LiveBook: 4 Games} 9. Nd2 {E20: Nimzo-Indian: 4 g3 and 4 f3} (9. Rb1 e5 10. Qc2 e4 11. Nh4 h6 12. f3 exf3 13. Bxf3 Nb6 14. Nf5 Nxc4 15. Bxb7 Bxb7 16. Rxb7 Qc8 {1-0 (47) Kazhgaleyev,M (2594)-Kuderinov,K (2482) Almaty 2017}) 9... e5 10. e3 $146 ({Predecessor:} 10. e4 c5 11. d5 Qa5 12. Qc2 Nb6 13. f4 Qa4 14. Qd3 exf4 15. gxf4 Bg4 16. Re1 Re7 {0-1 (41) Michailov,M (2158)-Muniz,R (2279) Montevideo 2013}) 10... Rb8 11. Qc2 {White has an edge.} Qe7 12. e4 b6 13. Ba3 c5 14. d5 Nf8 15. Rae1 Nh5 16. Bc1 g6 17. Qd1 Qd8 18. f4 ({White should play} 18. Nb1 $14) 18... exf4 $11 19. gxf4 Nd7 20. Qf3 f6 21. Qf2 Ng7 22. Qh4 Ba6 23. Qg3 Kh8 24. Bf3 Qc7 25. Bg4 (25. Bg2 $11) 25... f5 $17 26. exf5 gxf5 {Black is slightly better.} 27. Bf3 Nf6 28. Kh1 Qf7 29. Qh4 {Accuracy: White = 46%, Black = 48%.} 1/2-1/2

[Event "28th WSCC Women 65 2018"]
[Site "Bled"]
[Date "2018.11.19"]
[Round "2"]
[White "Titorenko, Natalia I"]
[Black "Dotan, Valeria"]
[Result "1-0"]
[WhiteElo "2158"]
[BlackElo "1883"]
[Annotator "TA"]
[PlyCount "87"]
[EventDate "2018.11.17"]
[EventType "swiss"]
[EventCountry "SLO"]
[SourceTitle "playchess.com"]
[Source "ChessBase"]
[SourceQuality "1"]

{[%evp 19,87,31,56,4,74,74,104,53,52,23,70,54,57,33,114,98,116,90,87,7,82,72,106,81,73,97,83,79,81,81,179,172,208,195,171,172,238,245,233,230,232,229,245,245,243,242,240,218,232,173,220,223,200,220,309,304,615,613,723,696,712,691,759,726,992,906,29980,29981,29973,29970]} 1. e4 c5 2. Nf3 e6 3. c3 Nf6 4. e5 Nd5 5. d4 cxd4 6. cxd4 Nc6 7. Nc3 Nxc3 8. bxc3 d6 9. exd6 Bxd6 10. Bd3 Be7 {LiveBook: 9 Games} 11. Qe2 {B22: Sicilian: 2 c3} ({White should try} 11. O-O $14) (11. O-O O-O 12. Qe2 Bf6 13. Rd1 g6 14. Bh6 Re8 15. Ne5 Bh8 16. Bb5 Bd7 17. Qf3 Qe7 18. Nxd7 Qxd7 19. h4 a6 20. Bxc6 Qxc6 21. Qxc6 bxc6 {½-½ (42) Miton,K (2622)-Kanarek,M (2484) Warsaw 2012}) 11... Qa5 (11... b6 $1 $11 {remains equal.}) 12. Bd2 $16 Qd8 $146 ({Predecessor:} 12... O-O 13. O-O Qh5 14. Qe4 f5 15. Qe2 Bd6 16. Rfe1 Bd7 17. Rab1 Rae8 18. Rxb7 Nxd4 19. cxd4 Bc6 20. Rbb1 Bxf3 21. Qxf3 Qxh2+ 22. Kf1 Qh1+ 23. Ke2 Qh4 24. Be3 e5 25. Rh1 Qf6 26. Bc4+ {1-0 (25) Arnold,M (2117)-Klemm,V Parsippany 2006}) 13. Rb1 (13. O-O $16) 13... b6 $14 14. Be4 Bd7 15. h4 Rc8 16. Ng5 Bxg5 ({Black should play} 16... Na5 $14) 17. hxg5 $16 (17. Bxg5 $6 Ne7 $11) 17... g6 18. Bf4 Qe7 19. Rh3 (19. f3 $16) 19... e5 (19... O-O $1 $11 20. Rd3 Rfe8) 20. Bxc6 $1 exf4 21. Bxd7+ Kxd7 22. Qxe7+ Kxe7 {[%mdl 4096] Endgame KRR-KRR} 23. Kd2 Rc4 24. Re1+ Kd6 {[#]} (24... Kf8 $16) 25. Re4 $1 $18 Ra4 26. Rxf4 Rxa2+ 27. Kd3 Ra5 (27... a5 $142 28. Rf6+ (28. Rxf7 Kc6 $18) 28... Kc7 29. Rxf7+ Kc6) 28. Rf6+ Ke7 29. Re3+ Kf8 30. Ref3 Rf5 31. R3xf5 ({Don't do} 31. R6xf5 $6 gxf5 32. Rxf5 Ke7) 31... gxf5 {KR-KR} 32. d5 ({Much less strong is} 32. Rxf5 $6 Ke7) 32... Rg8 33. Rxf5 Rg6 34. g3 h6 35. gxh6 Rxh6 36. Re5 Rd6 (36... Rh1 {might work better.} 37. Kd2 Rh2) 37. Kc4 a5 $2 {[#]} (37... a6 38. Kd4 Rd7) 38. Kb5 f6 39. Rf5 Ke7 40. c4 Kd7 41. Rh5 Kc7 42. Rh7+ Rd7 43. Rxd7+ Kxd7 44. g4 {Accuracy: White = 52%, Black = 23%.} 1-0

[Event "28th WSCC Women 65 2018"]
[Site "Bled"]
[Date "2018.11.19"]
[Round "2"]
[White "Sorokina, Tamara"]
[Black "Kabanova, Irina"]
[Result "1-0"]
[WhiteElo "2058"]
[BlackElo "1856"]
[Annotator "NA RC"]
[PlyCount "43"]
[EventDate "2018.11.17"]
[EventType "swiss"]
[EventCountry "SLO"]
[SourceTitle "playchess.com"]
[Source "ChessBase"]
[SourceQuality "1"]
[TimeControl "40/5400+30:1800+30"]

1. Nf3 {[%emt 0:00:00]} Nf6 {[%emt 0:00:00]} 2. d4 {[%emt 0:00:00]} e6 {[%emt 0:00:04]} 3. e3 {[%emt 0:00:00]} d5 {[%emt 0:00:25]} 4. Bd3 {[%emt 0:00:00]} Nbd7 {[%emt 0:00:43]} 5. O-O {[%emt 0:00:00]} Bd6 {[%emt 0:01:36]} 6. Nbd2 {[%emt 0:00:08]} c5 {[%emt 0:01:20]} 7. c4 {[%emt 0:03:26]} O-O {[%emt 0:02:20]} 8. b3 {[%emt 0:03:51]} cxd4 {[%emt 0:05:59]} 9. exd4 {[%emt 0:00:49]} b6 {[%emt 0:07:55]} 10. Bb2 {[%emt 0:00:30]} Bb7 {[%emt 0:02:42]} 11. Qe2 {[%emt 0:00:39]} Re8 {[%emt 0:02:01]} 12. Ne5 {[%emt 0:00:25]} a6 {[%emt 0:05:37]} 13. Rac1 {[%emt 0:00:32]} Rc8 {[%emt 0:02:11]} 14. a3 {[%emt 0:01:32]} Qe7 {[%emt 0:04:22]} 15. b4 {[%emt 0:03:51]} dxc4 {[%emt 0:02:59]} 16. Ndxc4 $11 {[%emt 0:01:44]} Nd5 {[%emt 0:01:44]} 17. Nxd6 {[%emt 0:04:13]} Qxd6 {[%emt 0:00:43]} 18. Bxh7+ {[%emt 0:02:54]} Kf8 {[%emt 0:01:43]} 19. Be4 {[%emt 0:02:13]} N7f6 {[%emt 0:00:51]} 20. Bf3 {[%emt 0:01:21]} Nf4 {[%emt 0:20:57]} 21. Qd2 {[%emt 0:00:58]} Nh3+ {[%emt 0:02:21]} 22. gxh3 {[%emt 0:02:12]} 1-0